000 00886nam a2200265Ia 4500
003 OSt
005 20221005104554.0
006 a|||||r|||| 00| 0
007 ta
008 221004b |||||||| |||| 00| 0 hin d
020 _a9789386534545 (hbk)
_cINR 250.00
024 _a41546
037 _b283, 15/02/2019, Eastern Book Linkers
_cTextual
040 _aCRL
_cCRL
_bhin
041 _2hin
_ahin
082 _aO152,6NRIx, Q8
100 _aऋतुराज, ले.
245 0 _aचीन डायरी
246 _aChīn ḍāyarī
260 _aदिल्ली
_bराजपाल एन्ड सन्ज भारत
_c2018
300 _a110
_ccm.
650 _aहिन्दी साहित्य
942 _hO152,6NRIx, Q8
_cTEXL
_2cc
999 _c1013136
_d1013136